Censo general de las aguas minerales de España / (Record no. 189322)

MARC details
000 -LEADER
campo de control de longitud fija 01031nam a2200217 i 4500
001 - NÚMERO DE CONTROL
campo de control 189322
003 - IDENTIFICADOR DE NÚMERO DE CONTROL
campo de control ES-MaACL
005 - FECHA Y HORA DE LA ÚLTIMA TRANSACCIÓN
campo de control 20250930063200.0
008 - DATOS DE LONGITUD FIJA--INFORMACIÓN GENERAL
campo de control de longitud fija 190523s1876 sp |||| | spa d
100 1# - ENTRADA PRINCIPAL--NOMBRE DE PERSONA
Nombre de persona Carretero y Muriel, Mariano,
Fechas asociadas al nombre 1833-1915
9 (RLIN) 126356
245 10 - MENCIÓN DEL TÍTULO
Título Censo general de las aguas minerales de España /
Mención de responsabilidad, etc. por Mariano Carretero y Muriel.
260 ## - PUBLICACIÓN, DISTRIBUCIÓN, ETC.
Lugar de publicación, distribución, etc. [S.l. :
Nombre del editor, distribuidor, etc. s.n.],
Fecha de publicación, distribución, etc. 1876 (
Lugar de fabricación/manufactura Madrid :
Fabricante Imp. de F. García y D. Caravera)
300 ## - DESCRIPCIÓN FÍSICA
Extensión 57 p. ;
Dimensiones 24 cm.
490 1# - MENCIÓN DE SERIE
Mención de serie Biblioteca de "El progreso médico"
530 ## - NOTA DISPONIBLE DE FORMULARIO FÍSICO ADICIONAL
Nota de formato físico adicional disponible Disponible en formato digital.
650 #4 - PUNTO DE ACCESO ADICIONAL DE MATERIA--TÉRMINO DE MATERIA
Término de materia o nombre geográfico como elemento de entrada Aguas minerales-
Subdivisión geográfica España.
9 (RLIN) 135522
830 0# - PUNTO DE ACCESO ADICIONAL DE SERIE-TÍTULO UNIFORME
Título uniforme Biblioteca de "El progreso médico"
9 (RLIN) 225809
852 ## - LOCALIZACIÓN
Ubicación ES-MaACL
Número de control de estantería B-8926(11)
Nota libre .- Legado de Federico de Botella y de Hornos
-- .- Encuadernado en un vol. facticio agrupado con el nombre en el lomo: España, geología, memorias y documentos varios 20 al 40
856 ## - LOCALIZACIÓN Y ACCESO ELECTRÓNICOS
Identificador Uniforme de Recursos <a href="http://bdh-rd.bne.es/viewer.vm?id=0000091151&page=1 ">http://bdh-rd.bne.es/viewer.vm?id=0000091151&page=1 </a>
Nota pública Biblioteca Digital Hispánica
Holdings
Estatus retirado Estado de pérdida Estado de daño No para préstamo Colección Biblioteca de origen Biblioteca actual Ubicación en estantería Fecha de adquisición Fuente de adquisición Total de préstamos Signatura topográfica completa Código de barras Visto por última vez Precio de reemplazo Tipo de ítem Koha
        Colección digital Biblioteca del Ateneo de Madrid Biblioteca del Ateneo de Madrid Sala Pardo Bazán 23/05/2019     B-8926(11) 1200588 23/02/2023 23/02/2023 Libro impreso antiguo